000 00771nam a2200193Ia 4500
001 IA_6562,14/09/2017,14/09/2017,5232272009 -usafmn8222223322eng16,"
002 amylin
008 220117samylin xx 000 0 und d
010 _a186191
020 _a978-1-4200-6114-7
082 _a612.015756 B56 2009
245 _aBioactive peptides /
_c edición John Howl y Sarah Jones
260 _aEstados Unidos de América :
_bCRC Press,
_camylin
300 _axv
901 _aand Suzanne E. Newton -- Neurotensin / Paul R. Dobner and Robert E. Carraway --
904 _aamylin
942 _cJoana Rosmaninho Salgado
999 _c186191
_d186191